Huncút v regióne Tekov tvorivý pracovný zošit pre deti mladšieho školského veku z oblasti tradičnej ľudovej kultúry

Bibliographic Details
Other Authors: Némethová, Diana, 1970- (Compiler), Dzurňák, Dávid (Illustrator)
Format: Book
Language:Slovak
PhysicalDescription:[18] s. ilustr. 30 cm
Published: Bratislava Ústredie ľudovej umeleckej výroby 2013
ISBN:9788089639052 (brož.)
Series:ÚĽUV deťom
Subjects:

MARC

LEADER 00000cam a2200000 a 4500
001 vtls010597798
003 SK-MaSNL
005 20260301215108.0
008 160429s2013 xo a b n 000 0 slo
015 |a SNBA2014/08 
020 |a 9788089639052 (brož.) 
040 |a SNK  |b slo  |c SNK  |e AACR2 
041 0 |a slo 
043 |a e-xo--- 
044 |a xo  |c SK 
072 7 |a 7.01/.09  |x Umenie  |2 konspekt 
072 7 |a 398  |x Folklór  |2 konspekt 
080 |a 7.031.4  |2 2001 
080 |a 398.3  |2 2001 
080 |a (437.6)  |2 2001 
080 |a (076.1)  |2 2001 
080 |a 39  |2 2001 
080 |a (0.053.2)  |2 2001 
245 0 0 |a Huncút v regióne Tekov  |b tvorivý pracovný zošit pre deti mladšieho školského veku z oblasti tradičnej ľudovej kultúry  |c [ilustrácie: David Dzurňák ; zostavila: Diana Némethová] 
260 |a Bratislava  |b Ústredie ľudovej umeleckej výroby  |c 2013 
300 |a [18] s.  |b ilustr.  |c 30 cm 
490 1 |a ÚĽUV deťom 
500 |a Názov z obalu 
504 |a Bibliogr. odkazy 
650 0 7 |a ľudové umenie  |2 SNKPH  |9 2866 
650 0 7 |a ľudové zvyky  |2 SNKPH  |9 66558 
650 0 7 |a Folk art  |2 SNKPHeng  |9 316741 
650 0 7 |a Folk customs  |2 SNKPHeng  |9 290915 
650 0 7 |a Folk culture  |2 SNKPHeng  |9 265677 
650 0 7 |a ľudová kultúra  |2 SNKPH  |9 66058 
651 7 |a Tekov (Slovensko : región)  |2 SNKPH  |9 175633 
651 7 |a Tekov (Slovakia : region)  |2 SNKPHeng  |9 165731 
655 7 |a publikácie pre deti  |2 SNKPH  |9 70148 
655 7 |a pracovné zošity  |2 SNKPH  |9 70188 
655 7 |a Activity books  |2 SNKPHeng  |9 302885 
655 7 |a Children's literature  |2 SNKPHeng  |9 276039 
700 1 |a Némethová, Diana,  |d 1970-  |4 com  |9 333811 
700 1 |a Dzurňák, Dávid  |4 ill  |9 125409 
830 0 |a ÚĽUV deťom  |9 343991 
919 |a 978-80-89639-05-2 
958 |a NB 
999 |c 926880  |d 928810 
952 |a SNK  |b SNK  |y PREZ  |7 0  |p 17A1113946  |o snkOSC 26891  |i snk2014/16054  |8 0  |0 0  |1 0  |4 0  |d 2014-07-24  |l 0  |r 2026-02-24 08:36:29  |w 2026-02-24 
952 |a SNK  |b SNK  |y VYP  |7 0  |p 17A1113945  |o snkOSC 26891 D1  |i snk2014/16055  |8 0  |0 0  |1 0  |4 0  |d 2014-07-24  |l 0  |r 2026-02-24 08:36:29  |w 2026-02-24